000
00276nam a22001217a 4500
082
_a
823
_b
PUR/D
100
_a
PURUSHOTHANAN, SUNITHA
245
_a
PUSS IN BOOTS
_b
LET'S READ ALOUD
260
_a
DELHI
_b
BOOK PALACE
300
_a
16
650
_a
ENGLISH SHORT STORY
942
_c
BK
999
_c
3344
_d
3344